000 01231cam a22003497a 4500
003 CHAP
005 20220817043426.0
008 980318d1997 mx a r 00110 spa d
010 _a75028
011 _a76000
035 _a85574
040 _cCHAP
090 _aTesis
100 0 0 _aBaldoceda Ponce, Yordan Américo.
_99664
245 1 0 _aDesarrollo de un programa computacional para el diseño de sistemas de microirrigación microaspersión (Visual Microirri V 1.0)
_c/por Yordan Américo Baldoceda Ponce
260 _aMarín, N.L. :
_bEl autor,
_c1997
300 _a237 h. :
_bilus.
502 _aTesis (Ing. Agr.) -- UANL. Facultad de Agronomía
590 _aALEPH
_b10
_c20130110
_lUCH01
_h1422
590 _aBATCH-UPD
_b10
_c20130110
_lUCH01
_h0622
590 _aBATCH-UPD
_b10
_c20130410
_lUCH01
_h0305
590 _aBATCH-UPD
_b10
_c20130914
_lUCH01
_h0527
590 _aCONVERSION
_b10
_c20130109
_lUCH01
_h1341
650 1 4 _aMicroirrigación.
_975516
650 1 4 _aProcesamiento automático de datos en irrigación.
_991796
650 1 4 _aProgramación.
650 1 4 _aRiego por aspersión.
_997375
901 _aBK
905 _aGuadalupe Pinto C.
942 _cTESIS
949 _bBC
_cTES
_d855741
_eTS1
_h32504
_i85574
_sb
999 _c75028
_d75028